000 00875nam a2200229 a 4500
001 21263
003 CO-ViMGA
008 141112s2004 ck r 000 u spa d
020 _a9684268599
040 _aCO-ViMGA
_bspa
_cCO-ViMGA
082 0 4 _a651.5741 R637d
100 1 _aDíaz Real, Mayra
_930304
245 1 0 _aDesarrollo secretarial
250 _a2
260 _aMexico; Manual moderno,
_c1988
300 _a80
505 _aPapel de la secretaria en la empresa moderna 4 - - Relaciones humanas de la secretaria 15 - - Planeación y organización del trabajo 47 - - El aspecto externo 57 - - Desarrollo y superación personal 69
590 _aForma de adquisición : Compra fact. 0857 - - Precio : 33000 - - Proveedor : Temas y libros - - Fecha de adquisición : Mayo 2007
650 1 4 _aSECRETARIAS
_920022
650 1 4 _aSECRETARIAS - MANUALES
942 _2ddc
_cBK
999 _c29891
_d29891